Southville International School and Colleges
Your cart is empty.
  • Cart
  • Lists
    Public lists Eva Luna New books Lux_list list_1
    Your lists Log in to create your own lists
  • Log in to your account
  • Your cookies
  • Search history
Southville International School and Colleges
  • Advanced search
  • Recent comments
  • Most popular
  • Libraries

Log in to your account

Log in with GOOGLE


If you do not have an external account, but do have a local account, you can still log in:

  1. Home
  2. MARC view: Basic environmental technology :
Normal view MARC view ISBD view

Basic environmental technology : (Record no. 291511)

[ view plain ]
MARC details
000 -LEADER
fixed length control field 01240cam a2200337 i 4500
001 - CONTROL NUMBER
control field 17816884
003 - CONTROL NUMBER IDENTIFIER
control field PILC
005 - DATE AND TIME OF LATEST TRANSACTION
control field 20160309165232.0
008 - FIXED-LENGTH DATA ELEMENTS--GENERAL INFORMATION
fixed length control field 130718s2015 maua 001 0 eng
010 ## - LIBRARY OF CONGRESS CONTROL NUMBER
LC control number 2013028643
020 ## - INTERNATIONAL STANDARD BOOK NUMBER
International Standard Book Number 9780132840149 (alk. paper)
020 ## - INTERNATIONAL STANDARD BOOK NUMBER
International Standard Book Number 0132840146 (alk. paper)
040 ## - CATALOGING SOURCE
Original cataloging agency DLC
Language of cataloging eng
Transcribing agency DLC
Description conventions rda
Modifying agency DLC
042 ## - AUTHENTICATION CODE
Authentication code pcc
050 00 - LIBRARY OF CONGRESS CALL NUMBER
Classification number TD 145
Item number .N38 2015
082 00 - DEWEY DECIMAL CLASSIFICATION NUMBER
Classification number 628
100 1# - MAIN ENTRY--PERSONAL NAME
Personal name Nathanson, Jerry A.
245 10 - TITLE STATEMENT
Title Basic environmental technology :
Remainder of title water supply, waste management, and pollution control /
Statement of responsibility, etc Jerry A. Nathanson, MS, PE, Emeritus Professor Union County College Cranford, New Jersey, Richard A. Schneider, MS, PE, Instructor, Madison Area Technical College Madison, Wisconsin.
250 ## - EDITION STATEMENT
Edition statement 6th edition.
260 ## - PUBLICATION, DISTRIBUTION, ETC. (IMPRINT)
Place of publication, distribution, etc Boston :
Name of publisher, distributor, etc Pearson,
Date of publication, distribution, etc 2015.
300 ## - PHYSICAL DESCRIPTION
Extent ix, 446 pages :
Other physical details illustrations ;
Dimensions 29 cm
500 ## - GENERAL NOTE
General note Includes index.
650 #0 - SUBJECT ADDED ENTRY--TOPICAL TERM
Topical term or geographic name as entry element Environmental engineering.
650 #0 - SUBJECT ADDED ENTRY--TOPICAL TERM
Topical term or geographic name as entry element Water-supply.
650 #0 - SUBJECT ADDED ENTRY--TOPICAL TERM
Topical term or geographic name as entry element Sanitary engineering.
650 #0 - SUBJECT ADDED ENTRY--TOPICAL TERM
Topical term or geographic name as entry element Pollution.
700 1# - ADDED ENTRY--PERSONAL NAME
Personal name Schneider, Richard A.
906 ## - LOCAL DATA ELEMENT F, LDF (RLIN)
a 7
b cbc
c orignew
d 1
e ecip
f 20
g y-gencatlg
942 ## - ADDED ENTRY ELEMENTS (KOHA)
Source of classification or shelving scheme Library of Congress Classification
Koha item type Books
Holdings
Withdrawn status Lost status Source of classification or shelving scheme Damaged status Home library Current library Shelving location Date acquired Source of acquisition Sub Shelving location Total Checkouts Full call number Barcode Date last seen Date checked out Price effective from Koha item type
    Library of Congress Classification   College Library College Library Reserve Section 03/09/2016 Library Fund   1 TD 145 .N38 2015 C20445 05/15/2018 04/04/2018 03/09/2016 Books

Basic environmental technology :

APA

Nathanson J. A., Schneider R. A., . (2015). Basic environmental technology. Boston: Pearson.

Chicago

Nathanson Jerry A, Schneider Richard A, . 2015. Basic environmental technology. Boston: Pearson.

Harvard

Nathanson J. A., Schneider R. A., . (2015). Basic environmental technology. Boston: Pearson.

MLA

Nathanson Jerry A, Schneider Richard A, . Basic environmental technology. Boston: Pearson. 2015.

  • Place hold
  • Print
  • Cite
  • Add to your cart (remove)
  • Save record
    BIBTEX Dublin Core MARCXML MARC (non-Unicode/MARC-8) MARC (Unicode/UTF-8) MARC (Unicode/UTF-8, Standard) MODS (XML) RIS
  • More searches
    Search for this title in:
    Other Libraries (WorldCat) Other Databases (Google Scholar) Online Stores (Bookfinder.com) Open Library (openlibrary.org)

Exporting to Dublin Core...

SOUTHVILLE LIBRARY

Southville International School and Colleges Library

1281 Tropical Ave. Cor. Luxembourg St., BF Homes International, Las Pinas City

Tel. No. 8256374 / 252358 Loc. 117/146

Powered by Koha